000 00696nam a2200205 a 4500
003 0
005 20250220102514.0
008 110621s19uu xx 00 eng d
050 _aPHS SB 950.9.T43
_b.Sh6 2011
100 _aShin, She Hi Sehan H.
245 _aTea waste as fertilizers /
_cShe Hi Sehan H. Shin.
260 _aLas PiƱas City, Philippines :
_bSouthville International School and Colleges,
_c2011.
300 _a21 pages :
_billustrations ;
_c28 cm.
504 _aIncludes bibliographical references.
650 _aTea waste
_xFertilizers.
650 _aTea waste
_xAgricultural uses.
650 _aTea
_xBy-products.
650 _aRecycling (Waste materials).
942 _2lcc
_cPASS
999 _c98572
_d98572